TAPSOFT '87 : proceedings of the International Joint Conference on Theory and Practice of Software Development, Pisa, Italy, March 23-27, 1987 /

Tallennettuna:
Bibliografiset tiedot
Yhteisötekijä: International Joint Conference on Theory and Practice of Software Development Pisa, Italy
Muut tekijät: Ehrig, Hartmut
Aineistotyyppi: Konferenssijulkaisu Kirja
Kieli:English
Julkaistu: Berlin ; New York : Springer-Verlag, c1987-
Sarja:Lecture notes in computer science ; 249, etc.
Aiheet:
LEADER 01790nam a2200337 a 4500
001 c000165474
003 CARM
005 19950313000000.0
008 870220m19879999wb a b 101 0 eng
019 1 |a 5194520  |z 5488122  |5 LACONCORD2021 
020 |a 038717611X 
035 |a (OCoLC)15284964  |5 LACONCORD2021 
040 |a LC  |b eng  |c LC  |d LC 
050 4 |a QA76.76.D47  |b I57 1987 
082 0 4 |a 005.1 
111 2 |a International Joint Conference on Theory and Practice of Software Development  |n (2nd :,  |d 1987 :  |c Pisa, Italy) 
245 1 0 |a TAPSOFT '87 :  |b proceedings of the International Joint Conference on Theory and Practice of Software Development, Pisa, Italy, March 23-27, 1987 /  |c edited by Hartmut Ehrig ... [et al.]. 
260 |a Berlin ;  |a New York :  |b Springer-Verlag,  |c c1987- 
300 |a v. <1 > :  |b ill. ;  |c 25 cm. 
490 1 |a Lecture notes in computer science ;  |v 249- 
500 |a "TAPSOFT '87 is the Second International Joint Conference on Theory and Practice of Software Development"--V. 1, pref. 
504 |a Includes bibliographies and index. 
505 1 |a v. 1. Advanced Seminar on Foundations of Innovative Software Development I and Colloquium on Trees in Algebra and Programming (CAAP '87) 
650 0 |a Computer software  |x Development  |x Congresses. 
700 1 |a Ehrig, Hartmut. 
830 0 |a Lecture notes in computer science ;  |v 249, etc. 
852 8 |b CARM  |h A2:AL20E0  |i C05351  |p 0212355  |f BK 
852 8 |b CARM  |h A2:AL20E0  |i C05351  |p 0212356  |f BK 
999 f f |i 345cc7f2-5d64-5e6b-85da-d785aea72f3d  |s 7c37894b-c26e-5b53-8d11-c64d1ceabc79 
952 f f |p Can circulate  |a CAVAL  |b CAVAL  |c CAVAL  |d CARM 1 Store  |e C05351  |f A2:AL20E0  |h Other scheme  |i book  |j v.2 (250)  |m 0212356 
952 f f |p Can circulate  |a CAVAL  |b CAVAL  |c CAVAL  |d CARM 1 Store  |e C05351  |f A2:AL20E0  |h Other scheme  |i book  |j v.1 (249)  |m 0212355